Discurso pronunciado en la celebración del primer centenario de la ley que estableció la enseñanza de la geografía en México / (Record no. 16099)
[ view plain ]
| 000 -CABECERA | |
|---|---|
| campo de control de longitud fija | 00746nam a2200193 a 4500 |
| 005 - FECHA Y HORA DE LA ÚLTIMA TRANSACCIÓN | |
| campo de control | 20210219150532.0 |
| 008 - ELEMENTOS DE LONGITUD FIJA--INFORMACIÓN GENERAL | |
| campo de control de longitud fija | 991125s1969 mx 000 0 spa u |
| 035 ## - NÚMERO DE CONTROL DEL SISTEMA | |
| Número de control de sistema | UPN01000016099 |
| 049 ## - COLECCIÓN | |
| Colección | F |
| 050 #4 - SIGNATURA TOPOGRÁFICA DE LA BIBLIOTECA DEL CONGRESO | |
| Número de clasificación | AS63 |
| Número de documento/Ítem | G45 |
| 100 1# - ASIENTO PRINCIPAL--NOMBRE PERSONAL | |
| Nombre de persona | Alvarez Barret, Luis, |
| Fechas asociadas al nombre | 1901-1981 |
| 245 10 - MENCIÓN DE TÍTULO | |
| Título | Discurso pronunciado en la celebración del primer centenario de la ley que estableció la enseñanza de la geografía en México / |
| Mención de responsabilidad, etc. | Luis Alvarez Barret. |
| 260 ## - PUBLICACIÓN, DISTRIBUCIÓN, ETC. | |
| Lugar de publicación, distribución, etc. | México : |
| Nombre del editor, distribuidor, etc. | Sociedad Mexicana de Geografía y Estadística, |
| Fecha de publicación, distribución, etc. | 1969. |
| 300 ## - DESCRIPCIÓN FÍSICA | |
| Extensión | p. 51-53 |
| 500 ## - NOTA GENERAL | |
| Nota general | En: Boletín, t.108 (1er. semestre de 1969) |
| 610 24 - ASIENTO SECUNDARIO DE MATERIA - NOMBRE CORPORATIVO | |
| Nombre de entidad corporativa o nombre de jurisdicción como elemento de entrada | SOCIEDAD MEXICANA DE GEOGRAFIA Y ESTADISTICA |
| 650 #4 - ASIENTO SECUNDARIO DE MATERIA - TERMINO TEMATICO | |
| Término de materia o nombre geográfico como elemento de entrada | GEOGRAFIA - |
| Subdivisión general | ESTUDIO Y ENSEÑANZA - |
| -- | LEGISLACION |
| 905 ## - TIPO DE MATERIAL | |
| Tipo de material | Libro |
| Estado de retiro | Estado de pérdida | Fuente del sistema de clasificación o colocación | Estado dañado | No para préstamo | Código de colección | Localización permanente | Ubicación/localización actual | Ubicación en estantería | Total de préstamos | Clasificación | Código de barras | Fecha visto por última vez | Número de copia | Tipo de ítem Koha |
|---|---|---|---|---|---|---|---|---|---|---|---|---|---|---|
| Library of Congress Classification | Folletos | Folletería | Bib. Gregorio Torres Quintero | Bib. Gregorio Torres Quintero | Folletos | AS63 G45 | 22256F | 31/12/2020 | 1 | Libro | ||||
| Library of Congress Classification | Folletos | Folletería | Bib. Gregorio Torres Quintero | Bib. Gregorio Torres Quintero | Folletos | AS63 G45 | 22255F | 31/12/2020 | 1 | Libro |
